000 00394nam a2200145 i 4500
001 bg
100 1 _aPIELICHOWSKI, Jan
245 0 _aWybrane działy z technologii chemicznej organicznej /
_cJan Pielichowski, Andrzej Suszyński.
260 _aKraków,
_c1977.
700 1 _aSUSZYŃSKI, Andrzej
040 _cBPK
041 _apol
942 _cKS
008 s pl f |000 0 pol
999 _c17508
_d17508
856 _uhttp://koha.tu.koszalin.pl/cgi-bin/koha/opac-detail.pl?biblionumber=17508
_yKatalog online BPK